000139630 001__ 139630
000139630 005__ 20240827142856.0
000139630 037__ $$aGDOC-2023-60808
000139630 041__ $$aspa
000139630 041__ $$aeng
000139630 100__ $$0(orcid)0000-0002-9007-1560$$1146120$$aLuis Castejón, Herrer
000139630 24500 $$960808$$aTransporte y manutención industrial
000139630 24200 $$960808$$aTransportation and industrial handling
000139630 260__ $$aZaragoza$$bUniversidad de Zaragoza$$c2023-2024
000139630 521__ $$9681$$aMáster Universitario en Ingeniería Industrial$$bMaster's in Industrial Engineering
000139630 540__ $$aby-nc-sa$$bCreative Commons$$c3.0$$uhttp://creativecommons.org/licenses/by-nc-sa/3.0/
000139630 700__ $$0(orcid)0000-0002-6100-7412$$1320513$$aJesús Cuartero, Salafranca
000139630 700__ $$0(orcid)0000-0002-5857-8003$$1136082$$aEmilio Larrodé, Pellicer
000139630 830__ $$9532
000139630 8564_ $$s28873$$uhttps://zaguan.unizar.es/record/139630/files/guia-60808-es.pdf$$yGuía (idioma español)
000139630 8564_ $$s9057$$uhttps://zaguan.unizar.es/record/139630/files/guia-60808-en.pdf$$yGuide (english)
000139630 970__ $$aGDOC-2023-60808
000139630 980__ $$aGDOC$$bEngineering and Architecture$$bIngeniería y Arquitectura$$c110